[Event "Ruhrgebiet VL2 0001"]
[Site "Ruhrgebiet"]
[Date "2001.04.22"]
[Round "8"]
[White "Wolter, Detlev"]
[Black "Kucheyda, Joerg"]
[Result "1-0"]
[WhiteElo "2216"]
[BlackElo "2045"]
[PlyCount "93"]
[EventDate "2000.09.17"]
[EventType "team-tourn"]
[EventRounds "9"]
[EventCountry "GER"]
[SourceTitle "EXT 2023"]
[Source "ChessBase"]
[SourceDate "2022.10.05"]
[SourceVersion "1"]
[SourceVersionDate "2022.10.05"]
[SourceQuality "1"]
[WhiteTeam "Hoentrop SG"]
[BlackTeam "Gladbeck SG"]
[WhiteTeamCountry "GER"]
[BlackTeamCountry "GER"]

1. d4 Nf6 2. c4 g6 3. Nf3 Bg7 4. g3 d6 5. Bg2 0-0 6. Nc3 Nc6 7. d5 Na5 8. Nd2 c5 9. Qc2 a6 10. 0-0 Rb8 11. e4 b5 12. Nd1 Ng4 13. f4 Nxc4 14. Nxc4 bxc4 15. h3 Bd4+ 16. Kh1 Nf6 17. Ne3 Bd7 18. Nxc4 Qc8 19. Kh2 Bb5 20. Rb1 Nd7 21. Re1 h5 22. Ne3 Nf6 23. Bd2 Qd7 24. Bc3 Rfc8 25. e5 Nh7 26. Be4 Nf8 27. f5 dxe5 28. fxg6 f6 29. g7 Kxg7 30. Nf5+ Kf7 31. Qd1 Ke8 32. Qxh5+ Kd8 33. Ba5+ Rc7 34. Qh8 Qe8 35. Ng7 Kd7 36. Nxe8 Rxe8 37. Bxc7 Kxc7 38. d6+ Kxd6 39. b4 c4 40. Qh5 Ne6 41. a4 Bxa4 42. b5 Rg8 43. b6 Bf2 44. Red1+ Nd4 45. Qf7 Bxg3+ 46. Kh1 Rh8 47. Qd5# 1-0